El impacto de la crisis de energéticos en América Latina /

Guardado en:
Bibliografiske detaljer
Hovedforfatter: Bonilla Sánchez, Arturo
Format: Texto
Fag:
Tags: Tilføj Tag
Ingen Tags, Vær først til at tagge denne postø!

MARC

LEADER 00000 a a2200000 04500
001 41784
003
040
100 |a Bonilla Sánchez, Arturo  
245 |a El impacto de la crisis de energéticos en América Latina /  |c Arturo Bonilla Sánchez  
650 |a CRISIS DE ENERGIA  
650 |a AMERICA LATINA  
650 |a SUBDESARROLLO  
650 |a PETROLEO  
650 |a INDUSTRIA PETROLERA  
773 |g volumen12, número45 ( , 1981), páginas 47-76  
999 |c 31610  |d 31610